[Event "Morbihan-ch 0607"]
[Site "Morbihan"]
[Date "2006.12.16"]
[Round "3"]
[White "Berthelot, Eric"]
[Black "Hervy, Jean Louis"]
[Result "1-0"]
[WhiteElo "1520"]
[BlackElo "1199"]
[PlyCount "49"]
[EventDate "2006.10.21"]
[EventType "swiss"]
[EventRounds "7"]
[EventCountry "FRA"]
[SourceTitle "EXT 2009"]
[Source "ChessBase"]
[SourceDate "2008.11.26"]
[SourceVersion "1"]
[SourceVersionDate "2008.11.26"]
[SourceQuality "1"]

1. e4 Nf6 2. e5 Nd5 3. c4 Nb6 4. Nf3 g6 5. a4 Bg7 6. a5 c6 7. axb6 Qxb6 8. Be2 0-0 9. 0-0 Qb4 10. d4 e6 11. c5 f5 12. Ra4 Qb5 13. Bxb5 cxb5 14. Rb4 a6 15. Bf4 d5 16. exd6 Nc6 17. Rb3 Re8 18. Re3 a5 19. Ne5 a4 20. d7 Nb4 21. dxe8Q+ Bf8 22. Nxg6 hxg6 23. Qxg6+ Kh8 24. Rh3+ Bh6 25. Rxh6# 1-0

[Event "Morbihan-ch 0607"]
[Site "Morbihan"]
[Date "2006.12.02"]
[Round "2"]
[White "Hervy, Jean Louis"]
[Black "Hocher, Eugene"]
[Result "0-1"]
[WhiteElo "1199"]
[BlackElo "1761"]
[PlyCount "104"]
[EventDate "2006.10.21"]
[EventType "swiss"]
[EventRounds "7"]
[EventCountry "FRA"]
[SourceTitle "EXT 2009"]
[Source "ChessBase"]
[SourceDate "2008.11.26"]
[SourceVersion "1"]
[SourceVersionDate "2008.11.26"]
[SourceQuality "1"]

1. Nc3 e6 2. Nf3 d5 3. d3 Nf6 4. a4 a6 5. b3 Nbd7 6. Rb1 Bb4 7. Bd2 c6 8. g3 Qb6 9. e3 0-0 10. h4 e5 11. Be2 Re8 12. 0-0 Nf8 13. Rb2 Bg4 14. Nb1 Bxd2 15. Nbxd2 e4 16. Ne1 Bh3 17. Qc1 Bxf1 18. Kxf1 Ng6 19. c4 Rac8 20. Ra2 Qd8 21. a5 Ne5 22. Ra4 Qd7 23. Kg2 Qf5 24. Nef3 exf3+ 25. Nxf3 Nxf3 26. Bxf3 Qxd3 27. Qa3 Qd2 28. c5 Rxe3 29. Qa2 Qxa2 30. Rxa2 Rxb3 31. Bd1 Rb5 32. Be2 Rxc5 33. f3 Kf8 34. h5 Nxh5 35. f4 Nf6 36. g4 Re8 37. Bf3 Re3 38. Kf2 Rcc3 39. Re2 Rxf3+ 40. Kg2 Rg3+ 41. Kf2 Nxg4+ 42. Ke1 Rg1+ 43. Kd2 Rgc1 44. f5 c5 45. Re6 fxe6 46. fxe6 d4 47. Ke2 Ra3 48. Kd2 Rh1 49. Kc2 Ke7 50. Kb2 Rg3 51. Ka2 Rh2+ 52. Ka1 Rg1# 0-1